| 000 | 00432nam a2200145Ia 4500 | ||
|---|---|---|---|
| 008 | 100122s9999 xx 000 0 und d | ||
| 082 |
_b30199 _a320.42 |
||
| 100 | _aBARKER F | ||
| 245 | _aPOLITICAL THOUGHT IN ENGLAND (1948 TO 1914) | ||
| 260 |
_bOXFORD UNIVERSITY PRESS _c1905 |
||
| 300 | _a232 | ||
| 630 | _aPOLITICAL THOUGHT IN ENGLAND (1948 TO 1914) | ||
| 730 | _aPOLITICAL THOUGHT IN ENGLAND (1948 TO 1914) | ||
| 942 | _cBOOK | ||
| 999 |
_c369574 _d369571 |
||